000 00805nam a2200241Ia 4500
003 OSt
005 20220923224559.0
006 a|||||r|||| 00| 0
007 ta
008 Pun
020 _c100
024 _a243,674
037 _b327, 08/10/2010, H.K. Prakashan
_cTextual
040 _aARTS
_cARTS
_bPun
041 _2Pun
_aPun
082 _aO153,1M81:g, P8
100 _aਨੂਰ, ਸੁਤਿੰਦਰ ਸਿੰਘ, ਥਦ.
245 0 _aਪ੍ਰੋ ਪੂਰਨ ਸਿੰਘ
_b ਪੁਨਰ ਵਿFਲੇFਣ
260 _aਦਿੱਲੀ
_b ਪੰਜਾਬੀ ਪ੍ਰਕਾFਨ
_c2008
300 _a118ਪੰ
_ccm.
942 _hO153,1M81:g, P8
_cTEXL
_2CC
999 _c372333
_d372333